[Event "DVM U14w 2016"]
[Site "Düsseldorf GER"]
[Date "2016.12.29"]
[Round "6"]
[White "Krömer, Paulina"]
[Black "Grey, Andrea"]
[Result "0-1"]
[Termination "normal"]
[Board "2.3"]
[WhiteElo "1538"]
[BlackElo "1428"]
[WhiteClock "00:32:17"]
[BlackClock "00:14:12"]
[WhiteTeam "SV Empor Erfurt"]
[BlackTeam "Schachpinguine Berlin"]
[PlyCount "120"]
[WhiteFideId "16212363"]
[BlackFideId "12971880"]
[EventCountry "GER"]
[EventRounds "7"]
[EventType "team-swiss"]
[EventDate "2016.12.26"]

1. d4 {[%clk 1:30:58]} d5 {[%clk 1:30:54]} 2. Nf3 {[%clk 1:31:25]} e6 {[%clk
1:31:09]} 3. e3 {[%clk 1:31:50]} Nf6 {[%clk 1:31:32]} 4. Bd3 {[%clk 1:32:08]}
c5 {[%clk 1:30:07]} 5. b3 {[%clk 1:32:07]} a6 {[%clk 1:30:13]} 6. a4 {[%clk
1:30:52]} b6 {[%clk 1:28:20]} 7. Bb2 {[%clk 1:27:45]} Bb7 {[%clk 1:28:38]} 8.
Nbd2 {[%clk 1:27:24]} Be7 {[%clk 1:28:23]} 9. O-O {[%clk 1:27:25]} O-O {[%clk
1:28:17]} 10. Ne5 {[%clk 1:26:31]} Nc6 {[%clk 1:27:30]} 11. f4 {[%clk 1:20:35]}
Qc7 {[%clk 1:22:05]} 12. Rf3 {[%clk 1:11:46]} Nb4 {[%clk 1:15:31]} 13. Be2
{[%clk 1:10:55]} cxd4 {[%clk 1:14:28]} 14. exd4 {[%clk 1:10:48]} Qxc2 {[%clk
1:11:57]} 15. Qxc2 {[%clk 1:01:12]} Nxc2 {[%clk 1:12:14]} 16. Rc1 {[%clk
1:01:33]} Rac8 {[%clk 1:11:25]} 17. Rc3 {[%clk 1:00:54]} Nxd4 {[%clk 1:07:27]}
18. Bd3 {[%clk 1:00:27]} Nf5 {[%clk 1:05:25]} 19. Ndf3 {[%clk 0:57:20]} Bc5+
{[%clk 1:00:43]} 20. Kh1 {[%clk 0:57:07]} h6 {[%clk 0:58:24]} 21. R3c2 {[%clk
0:56:25]} Ne7 {[%clk 0:56:33]} 22. a5 {[%clk 0:53:45]} Rfd8 {[%clk 0:51:51]}
23. axb6 {[%clk 0:49:06]} Bxb6 {[%clk 0:48:26]} 24. Nd4 {[%clk 0:40:10]} Rxc2
{[%clk 0:44:55]} 25. Rxc2 {[%clk 0:40:31]} Rc8 {[%clk 0:44:57]} 26. Rxc8+
{[%clk 0:39:00]} Nxc8 {[%clk 0:42:32]} 27. Ndc6 {[%clk 0:35:56]} Bxc6 {[%clk
0:37:38]} 28. Nxc6 {[%clk 0:36:09]} Nd6 {[%clk 0:35:21]} 29. Bxa6 {[%clk
0:34:39]} Nfe4 {[%clk 0:34:32]} 30. g3 {[%clk 0:34:21]} f6 {[%clk 0:30:49]} 31.
Be2 {[%clk 0:29:00]} Kf7 {[%clk 0:28:34]} 32. Kg2 {[%clk 0:27:18]} g6 {[%clk
0:20:37]} 33. b4 {[%clk 0:19:19]} Nf5 {[%clk 0:15:48]} 34. b5 {[%clk 0:15:40]}
Ke8 {[%clk 0:12:49]} 35. Bd3 {[%clk 0:12:39]} Nfd6 {[%clk 0:10:50]} 36. Kf3
{[%clk 0:09:36]} g5 {[%clk 0:07:34]} 37. fxg5 {[%clk 0:08:32]} hxg5 {[%clk
0:07:15]} 38. Kg4 {[%clk 0:07:36]} Nf2+ {[%clk 0:05:47]} 39. Kh5 {[%clk
0:07:35]} Nxd3 {[%clk 0:04:56]} 40. Bxf6 {[%clk 0:07:56]} Nxb5 {[%clk 0:04:24]}
41. Kxg5 {[%clk 0:08:07]} Be3+ {[%clk 0:02:32]} 42. Kg6 {[%clk 0:08:18]} Kd7
{[%clk 0:01:56]} 43. Ne7 {[%clk 0:07:58]} d4 {[%clk 0:01:09]} 44. Bxd4 {[%clk
0:06:59]} Nxd4 {[%clk 0:30:23]} 45. Ng8 {[%clk 0:37:23]} Ne5+ {[%clk 0:26:32]}
46. Kg7 {[%clk 0:37:24]} Nf5+ {[%clk 0:26:03]} 47. Kh7 {[%clk 0:37:13]} Kd6
{[%clk 0:21:54]} 48. Nf6 {[%clk 0:36:42]} Ke7 {[%clk 0:20:34]} 49. Nh5 {[%clk
0:35:13]} Ng4 {[%clk 0:19:29]} 50. Kg6 {[%clk 0:34:37]} Nxh2 {[%clk 0:17:02]}
51. Nf4 {[%clk 0:32:13]} Bxf4 {[%clk 0:16:04]} 52. gxf4 {[%clk 0:32:31]} Kd6
{[%clk 0:15:15]} 53. Kf7 {[%clk 0:32:11]} Kd5 {[%clk 0:14:50]} 54. Kf6 {[%clk
0:32:23]} Nf3 {[%clk 0:13:58]} 55. Kg6 {[%clk 0:32:23]} Ke4 {[%clk 0:13:37]}
56. Kf6 {[%clk 0:32:34]} N5d4 {[%clk 0:13:31]} 57. f5 {[%clk 0:31:59]} exf5
{[%clk 0:13:48]} 58. Kg6 {[%clk 0:32:24]} f4 {[%clk 0:14:03]} 59. Kh5 {[%clk
0:32:45]} Nd2 {[%clk 0:13:57]} 60. Kg4 {[%clk 0:32:17]} f3 {[%clk 0:14:12]} 0-1

[Event "DVM U14w 2016"]
[Site "Düsseldorf GER"]
[Date "2016.12.29"]
[Round "6"]
[White "Zhou, Lepu Coco"]
[Black "Runds, Emily Sophie"]
[Result "1-0"]
[Termination "normal"]
[Board "2.4"]
[WhiteElo "1645"]
[BlackElo "1087"]
[WhiteClock "00:59:57"]
[BlackClock "00:48:29"]
[WhiteTeam "Schachpinguine Berlin"]
[BlackTeam "SV Empor Erfurt"]
[PlyCount "85"]
[WhiteFideId "16217136"]
[BlackFideId "16235231"]
[EventCountry "GER"]
[EventRounds "7"]
[EventType "team-swiss"]
[EventDate "2016.12.26"]

1. e4 {[%clk 1:30:58]} e5 {[%clk 1:30:56]} 2. Nc3 {[%clk 1:31:24]} Nf6 {[%clk
1:31:10]} 3. f4 {[%clk 1:31:47]} d6 {[%clk 1:30:48]} 4. Nf3 {[%clk 1:31:38]}
Nc6 {[%clk 1:29:23]} 5. d4 {[%clk 1:31:02]} Qe7 {[%clk 1:24:13]} 6. fxe5 {[%clk
1:29:43]} dxe5 {[%clk 1:22:50]} 7. d5 {[%clk 1:29:52]} Nb8 {[%clk 1:16:24]} 8.
Bb5+ {[%clk 1:26:59]} Bd7 {[%clk 1:15:30]} 9. Bxd7+ {[%clk 1:27:17]} Nbxd7
{[%clk 1:15:50]} 10. O-O {[%clk 1:27:34]} Qc5+ {[%clk 1:15:25]} 11. Kh1 {[%clk
1:26:51]} Bd6 {[%clk 1:13:45]} 12. Bg5 {[%clk 1:25:11]} Ng4 {[%clk 1:09:31]}
13. Qe2 {[%clk 1:23:35]} f6 {[%clk 1:08:42]} 14. Bd2 {[%clk 1:22:45]} Qb6
{[%clk 1:02:08]} 15. b3 {[%clk 1:21:21]} Bc5 {[%clk 1:00:30]} 16. Na4 {[%clk
1:20:20]} Qa6 {[%clk 1:00:11]} 17. Qxa6 {[%clk 1:19:24]} bxa6 {[%clk 1:00:31]}
18. Nxc5 {[%clk 1:18:23]} Nxc5 {[%clk 1:00:42]} 19. Rae1 {[%clk 1:16:54]} O-O
{[%clk 1:00:10]} 20. Bb4 {[%clk 1:17:14]} Nd7 {[%clk 0:59:40]} 21. Bxf8 {[%clk
1:17:13]} Nxf8 {[%clk 1:00:02]} 22. h3 {[%clk 1:16:53]} Nh6 {[%clk 0:59:59]}
23. Nh4 {[%clk 1:16:00]} g5 {[%clk 0:59:51]} 24. Nf5 {[%clk 1:15:26]} Nf7
{[%clk 0:59:53]} 25. Ne7+ {[%clk 1:15:01]} Kg7 {[%clk 1:00:06]} 26. Rf2 {[%clk
1:14:23]} Re8 {[%clk 1:00:02]} 27. Nc6 {[%clk 1:12:42]} Ra8 {[%clk 0:59:38]}
28. Ref1 {[%clk 1:12:22]} Nd7 {[%clk 0:59:53]} 29. c4 {[%clk 1:11:49]} h6
{[%clk 0:58:24]} 30. Nb4 {[%clk 1:12:08]} Rb8 {[%clk 0:58:21]} 31. Nxa6 {[%clk
1:12:14]} Rb7 {[%clk 0:58:12]} 32. c5 {[%clk 1:12:16]} Rb5 {[%clk 0:56:31]} 33.
c6 {[%clk 1:12:30]} Nc5 {[%clk 0:56:46]} 34. Nxc5 {[%clk 1:10:39]} Rxc5 {[%clk
0:54:53]} 35. Rxf6 {[%clk 1:09:45]} Nd6 {[%clk 0:54:50]} 36. R6f3 {[%clk
1:06:14]} Nxe4 {[%clk 0:54:11]} 37. Re1 {[%clk 1:05:03]} Nc3 {[%clk 0:53:20]}
38. Rxe5 {[%clk 1:03:50]} Nxd5 {[%clk 0:53:24]} 39. Kh2 {[%clk 1:03:34]} Kg6
{[%clk 0:51:32]} 40. Re6+ Kg7 {[%clk 0:51:19]} 41. Rf5 {[%clk 1:00:08]} Nf4
{[%clk 0:48:22]} 42. Re7+ {[%clk 1:00:04]} Kg6 {[%clk 0:48:29]} 43. Rxc5 {[%clk
0:59:57]} 1-0

[Event "DVM U14w 2016"]
[Site "Düsseldorf GER"]
[Date "2016.12.29"]
[Round "6"]
[White "Rudolph, Eva"]
[Black "Ehmann, Johanna"]
[Result "1/2-1/2"]
[Termination "normal"]
[Board "3.1"]
[WhiteElo "1655"]
[BlackElo "1686"]
[WhiteTeam "Düsseldorfer SK"]
[BlackTeam "SF Sasbach"]
[PlyCount "69"]
[WhiteFideId "16200594"]
[BlackFideId "12953130"]
[EventCountry "GER"]
[EventRounds "7"]
[EventType "team-swiss"]
[EventDate "2016.12.26"]

1. e4 e5 2. Nf3 Nc6 3. Bc4 Bc5 4. c3 Nf6 5. d3 a6 6. Bb3 Ba7 7. O-O d6 8. Re1
h6 9. Nbd2 O-O 10. Nf1 Be6 11. Ng3 Re8 12. h3 d5 13. Qe2 dxe4 14. dxe4 Qc8 15.
Bc2 b5 16. Nh4 Bxh3 17. Be3 Bg4 18. Qd2 Rd8 19. Qc1 Bxe3 20. Qxe3 b4 21. Bd1
Bxd1 22. Raxd1 Qe6 23. b3 Rxd1 24. Rxd1 Qg4 25. Nf3 bxc3 26. Qxc3 Nd4 27. Re1
Nxf3+ 28. gxf3 Qg5 29. Qxc7 Nh5 30. Kg2 Nxg3 31. fxg3 Qd2+ 32. Kf1 Rd8 33. Re2
Qd1+ 34. Kf2 Qd4+ 35. Kf1 1/2-1/2

[Event "DVM U14w 2016"]
[Site "Düsseldorf GER"]
[Date "2016.12.29"]
[Round "6"]
[White "Höglauer, Jenny"]
[Black "Sokolowski, Judith"]
[Result "1-0"]
[Termination "time forfeit"]
[Board "3.2"]
[WhiteElo "1643"]
[BlackElo "1527"]
[WhiteTeam "SF Sasbach"]
[BlackTeam "Düsseldorfer SK"]
[PlyCount "73"]
[WhiteFideId "12982598"]
[BlackFideId "16200624"]
[EventCountry "GER"]
[EventRounds "7"]
[EventType "team-swiss"]
[EventDate "2016.12.26"]

1. e4 c5 2. Nc3 e6 3. f4 a6 4. Nf3 b5 5. a3 Bb7 6. d3 d5 7. Bd2 b4 8. axb4 cxb4
9. Na2 a5 10. exd5 Bxd5 11. Nc1 Bc5 12. d4 Bb6 13. c3 Nc6 14. Bb5 Nge7 15. cxb4
O-O 16. bxa5 Nxa5 17. Bb4 Bc6 18. Bxc6 Naxc6 19. Rxa8 Qxa8 20. Bc3 Rd8 21. Ne2
Nf5 22. Qd3 Qa7 23. Rf1 Ncxd4 24. Nexd4 Nxd4 25. Nxd4 Bxd4 26. Bxd4 Rxd4 27.
Qc3 Qa1+ 28. Ke2 Qa6+ 29. Ke3 Rc4 30. Qd3 Qb6+ 31. Kf3 Rb4 32. Rc1 Qb7+ 33. Kg3
h6 34. Qd8+ Kh7 35. Rc7 Rb3+ 36. Rc3 Rxb2 37. Qd3+ 1-0

[Event "DVM U14w 2016"]
[Site "Düsseldorf GER"]
[Date "2016.12.29"]
[Round "6"]
[White "Kogan, Dina Rachel"]
[Black "Schneider, Katharina"]
[Result "1-0"]
[Termination "normal"]
[Board "3.3"]
[WhiteElo "1256"]
[BlackElo "1517"]
[WhiteTeam "Düsseldorfer SK"]
[BlackTeam "SF Sasbach"]
[PlyCount "47"]
[WhiteFideId "16200608"]
[BlackFideId "16200519"]
[EventCountry "GER"]
[EventRounds "7"]
[EventType "team-swiss"]
[EventDate "2016.12.26"]

1. e4 e5 2. d4 exd4 3. Qxd4 Nc6 4. Qe3 d6 5. Nc3 Nf6 6. Bd2 Be7 7. O-O-O Be6 8.
Nge2 a6 9. Nf4 Qd7 10. Kb1 b5 11. Nfd5 b4 12. Nxf6+ Bxf6 13. Nd5 Bd4 14. Qg5 h6
15. Qg3 a5 16. Bb5 Rb8 17. Ba4 Kd8 18. Bxh6 Rxh6 19. Rxd4 Rg6 20. Qh4+ Kc8 21.
Bxc6 Qd8 22. Ne7+ Qxe7 23. Qxe7 Bd7 24. Qxd7# 1-0

[Event "DVM U14w 2016"]
[Site "Düsseldorf GER"]
[Date "2016.12.29"]
[Round "6"]
[White "Schneider, Anna"]
[Black "Paulweber, Lara Maria"]
[Result "0-1"]
[Termination "normal"]
[Board "3.4"]
[WhiteElo "1381"]
[BlackElo "1389"]
[WhiteTeam "SF Sasbach"]
[BlackTeam "Düsseldorfer SK"]
[PlyCount "150"]
[WhiteFideId "16200527"]
[BlackFideId "12954411"]
[EventCountry "GER"]
[EventRounds "7"]
[EventType "team-swiss"]
[EventDate "2016.12.26"]

1. e4 e6 2. d4 d5 3. exd5 exd5 4. Nf3 Bg4 5. c4 Nf6 6. Be2 dxc4 7. O-O Nc6 8.
Nc3 Bb4 9. Re1 O-O 10. Bg5 Re8 11. a3 Bf8 12. h3 Bxf3 13. Bxf3 Rxe1+ 14. Qxe1
Qxd4 15. Rd1 Qb6 16. b4 Ne8 17. Rd7 Bd6 18. Rd8 Rxd8 19. Bxd8 Kf8 20. Bg5 Ne5
21. Be4 c6 22. Kh1 Nd3 23. Qe3 Nxf2+ 24. Kg1 Qxe3 25. Bxe3 Nxe4 26. Nxe4 Bc7
27. Kf2 b6 28. Ke2 Ke7 29. Kd2 Nd6 30. Ng5 h6 31. Nf3 Ne4+ 32. Kc2 Ke6 33. Bd4
f6 34. a4 Be5 35. Be3 Bc3 36. a5 bxa5 37. bxa5 Bxa5 38. Bxa7 Kd5 39. Nd4 c5 40.
Nf5 Kc6 41. Bb8 Bc7 42. Bxc7 Kxc7 43. Nxg7 Kd7 44. Nf5 h5 45. Ne3 Nd6 46. Kc3
Ke6 47. g4 hxg4 48. hxg4 Ke5 49. Nf1 Kf4 50. Nh2 Kg3 51. Nf1+ Kxg4 52. Ne3+ Kg5
53. Nxc4 Nxc4 54. Kxc4 Kg4 55. Kxc5 f5 56. Kd4 f4 57. Kd3 f3 58. Kd2 Kg3 59.
Ke1 Kg2 60. Kd2 f2 61. Ke3 f1=Q 62. Kd4 Qe2 63. Kd5 Qe3 64. Kc4 Qd2 65. Kc5 Qd3
66. Kc6 Qd4 67. Kc7 Qd5 68. Kb6 Kf3 69. Kc7 Ke4 70. Kb6 Ke5 71. Kc7 Qd6+ 72.
Kb7 Kd5 73. Ka8 Qd7 74. Kb8 Kc6 75. Ka8 Qb7# 0-1

[Event "DVM U14w 2016"]
[Site "Düsseldorf GER"]
[Date "2016.12.29"]
[Round "6"]
[White "Dietz, Kristin"]
[Black "Reichelt, Lena"]
[Result "1-0"]
[Termination "normal"]
[Board "4.1"]
[WhiteElo "1617"]
[BlackElo "1486"]
[WhiteTeam "USV Halle"]
[BlackTeam "SK Nordhorn-Blanke"]
[PlyCount "97"]
[WhiteFideId "12993743"]
[BlackFideId "12981184"]
[EventCountry "GER"]
[EventRounds "7"]
[EventType "team-swiss"]
[EventDate "2016.12.26"]

1. e4 e6 2. d4 d5 3. Nd2 Nf6 4. Bd3 c5 5. Bb5+ Nc6 6. e5 Nd7 7. Ndf3 a6 8. Bxc6
bxc6 9. c3 cxd4 10. cxd4 c5 11. Ne2 cxd4 12. Nexd4 Bc5 13. Bf4 O-O 14. O-O Qb6
15. b3 a5 16. Re1 Ba6 17. Be3 Rac8 18. a3 Rc7 19. b4 axb4 20. axb4 Bxd4 21.
Nxd4 Qb7 22. Qg4 Nxe5 23. Qg3 Ng6 24. Rxa6 Qxb4 25. Rea1 Rcc8 26. h4 e5 27. Nc6
Qb7 28. Nxe5 Nxe5 29. Qxe5 Rfe8 30. Qg5 Qe7 31. Qxe7 Rxe7 32. Ra8 Ree8 33. Rxc8
Rxc8 34. Rd1 Rd8 35. Bd4 f6 36. g4 Kf7 37. Bc5 Rd7 38. f4 Rd8 39. Kf2 Rd7 40.
Bd4 Re7 41. Re1 Rd7 42. Ke3 Re7+ 43. Kd2 Rd7 44. Kd3 g6 45. f5 gxf5 46. gxf5
Rd8 47. Re6 h5 48. Rxf6+ Ke7 49. Rh6 1-0

[Event "DVM U14w 2016"]
[Site "Düsseldorf GER"]
[Date "2016.12.29"]
[Round "6"]
[White "Meijerink, Inken"]
[Black "Fritsch, Lea"]
[Result "1/2-1/2"]
[Termination "normal"]
[Board "4.2"]
[WhiteElo "1381"]
[BlackElo "1428"]
[WhiteTeam "SK Nordhorn-Blanke"]
[BlackTeam "USV Halle"]
[PlyCount "79"]
[WhiteFideId "16225465"]
[BlackFideId "16212436"]
[EventCountry "GER"]
[EventRounds "7"]
[EventType "team-swiss"]
[EventDate "2016.12.26"]

1. e4 c5 2. Nf3 Nc6 3. Nc3 d6 4. Bb5 Bd7 5. d3 Nf6 6. O-O e6 7. Bg5 Be7 8. Re1
h6 9. Bh4 O-O 10. Bxc6 Bxc6 11. e5 Ng4 12. Bxe7 Qxe7 13. exd6 Qxd6 14. Ne4 Qc7
15. h3 Bxe4 16. Rxe4 Nf6 17. Re2 Rfd8 18. Rd2 Rac8 19. c3 Rd7 20. d4 Rcd8 21.
Rc1 Qf4 22. Ne5 Rd5 23. Nd3 Qd6 24. g3 cxd4 25. Nf4 dxc3 26. Rxd5 Nxd5 27. Nxd5
Qxd5 28. Qxd5 Rxd5 29. Rxc3 Rd2 30. b3 Rxa2 31. Rc8+ Kh7 32. Rc7 b6 33. Rxf7
Rb2 34. Rxa7 Rxb3 35. Re7 Rb1+ 36. Kg2 Re1 37. Rb7 Rb1 38. Re7 Re1 39. Rb7 Rb1
40. Re7 1/2-1/2

[Event "DVM U14w 2016"]
[Site "Düsseldorf GER"]
[Date "2016.12.29"]
[Round "6"]
[White "Stowicek, Yara Mathilda"]
[Black "Wolterink, Jule"]
[Result "1-0"]
[Termination "normal"]
[Board "4.3"]
[WhiteElo "1446"]
[BlackElo "1325"]
[WhiteTeam "USV Halle"]
[BlackTeam "SK Nordhorn-Blanke"]
[PlyCount "53"]
[WhiteFideId "16203569"]
[BlackFideId "12981206"]
[EventCountry "GER"]
[EventRounds "7"]
[EventType "team-swiss"]
[EventDate "2016.12.26"]

1. e4 e6 2. d4 d5 3. exd5 exd5 4. Bd3 Bd6 5. c3 Ne7 6. Ne2 c6 7. O-O Bf5 8.
Bxf5 Nxf5 9. Re1 Nd7 10. Ng3+ Ne7 11. Nf5 Nf6 12. Bg5 O-O 13. Bxf6 Re8 14. Nxg7
Qd7 15. Nxe8 Rxe8 16. Nd2 Qf5 17. Qf3 Qd7 18. Qh5 Ng6 19. Qh6 Bf8 20. Qg5 Bg7
21. Bxg7 Kxg7 22. Nf3 h6 23. Qg3 Qd8 24. Ne5 Qf6 25. Nxg6 Rxe1+ 26. Rxe1 fxg6
27. Qe5 1-0

[Event "DVM U14w 2016"]
[Site "Düsseldorf GER"]
[Date "2016.12.29"]
[Round "6"]
[White "Wolterink, Insa"]
[Black "Delgado, Celina"]
[Result "0-1"]
[Termination "normal"]
[Board "4.4"]
[WhiteElo "1023"]
[BlackElo "1398"]
[WhiteTeam "SK Nordhorn-Blanke"]
[BlackTeam "USV Halle"]
[PlyCount "98"]
[WhiteFideId "16235266"]
[BlackFideId "12993735"]
[EventCountry "GER"]
[EventRounds "7"]
[EventType "team-swiss"]
[EventDate "2016.12.26"]

1. d4 d5 2. Nf3 c6 3. e3 Nf6 4. Bd3 Bg4 5. h3 Bh5 6. g4 Bg6 7. Ne5 Bxd3 8. Qxd3
Nbd7 9. Nxd7 Qxd7 10. b3 e6 11. Bb2 Bb4+ 12. Nd2 Ne4 13. O-O-O Bxd2+ 14. Rxd2
Nxd2 15. Qxd2 O-O 16. h4 a5 17. Kb1 a4 18. g5 axb3 19. axb3 Qd8 20. Bc3 Qb6 21.
Qc1 Ra7 22. Qb2 Rfa8 23. Kc1 Ra1+ 24. Qxa1 Rxa1+ 25. Bxa1 Qa6 26. Bb2 Qe2 27.
Kb1 Qxf2 28. Bc1 Qg2 29. Re1 Qf2 30. Rh1 b6 31. h5 Qf3 32. Rh2 Qg3 33. Rh1 Qxg5
34. e4 Qg2 35. Re1 dxe4 36. Kb2 Qf2 37. Rh1 Qxd4+ 38. Kb1 h6 39. Bb2 Qf2 40.
Bc3 e3 41. Re1 e2 42. Kb2 Qf3 43. Bd2 f5 44. Kc1 f4 45. Bb4 Qf2 46. Bc3 Qe3+
47. Bd2 Qe5 48. Kb1 f3 49. Kc1 Qa1# 0-1

[Event "DVM U14w 2016"]
[Site "Düsseldorf GER"]
[Date "2016.12.29"]
[Round "6"]
[White "Schiewe, Nadin"]
[Black "Oswald, Lena"]
[Result "0-1"]
[Termination "normal"]
[Board "5.1"]
[WhiteElo "1292"]
[BlackElo "1541"]
[WhiteTeam "SC Eintracht Berlin"]
[BlackTeam "SG Leipzig"]
[PlyCount "82"]
[WhiteFideId "16209079"]
[BlackFideId "12983314"]
[EventCountry "GER"]
[EventRounds "7"]
[EventType "team-swiss"]
[EventDate "2016.12.26"]

1. d4 d5 2. Nf3 Nf6 3. e3 e6 4. Bd3 Be7 5. O-O O-O 6. Nbd2 a6 7. c3 c5 8. Re1
Nc6 9. e4 dxe4 10. Nxe4 cxd4 11. Nxd4 Nxd4 12. cxd4 Qxd4 13. Ng5 Qd8 14. Re3 h6
15. Ne4 Bd7 16. Rh3 Nxe4 17. Bxe4 Bc6 18. Bd3 Qd5 19. Qg4 f5 20. Qg3 Bd6 21. f4
Kh7 22. Kh1 Rf6 23. Qf3 Qxf3 24. gxf3 Rg6 25. Be2 Bc5 26. Rg3 Rd8 27. Kg2 Ba4
28. b3 Bc6 29. Bc4 Rd1 30. Rxg6 Kxg6 31. Kh3 Be3 32. Bb2 Rxa1 33. Bxa1 Bxf3 34.
Kg3 Bd5 35. Bxd5 exd5 36. Kf3 d4 37. Ke2 Kh5 38. Kd3 Kg4 39. Bxd4 Bxd4 40. Kxd4
Kxf4 41. Kc5 Ke3 0-1

[Event "DVM U14w 2016"]
[Site "Düsseldorf GER"]
[Date "2016.12.29"]
[Round "6"]
[White "Oswald, Hannah"]
[Black "Gehrke, Gina Celina"]
[Result "1/2-1/2"]
[Termination "normal"]
[Board "5.2"]
[WhiteElo "1498"]
[BlackElo "1457"]
[WhiteTeam "SG Leipzig"]
[BlackTeam "SC Eintracht Berlin"]
[PlyCount "91"]
[WhiteFideId "16214960"]
[BlackFideId "16205979"]
[EventCountry "GER"]
[EventRounds "7"]
[EventType "team-swiss"]
[EventDate "2016.12.26"]

1. e4 c5 2. Nf3 g6 3. d4 cxd4 4. Nxd4 Bg7 5. Nc3 Nc6 6. Be3 a6 7. Qd2 e6 8.
Nxc6 bxc6 9. Bc4 Ne7 10. O-O O-O 11. Bh6 d5 12. exd5 cxd5 13. Bb3 Bb7 14. Bxg7
Kxg7 15. Ne2 Nf5 16. c3 Qd6 17. Bc2 Nh4 18. Qd4+ Kg8 19. Qxh4 Qc6 20. Nd4 Qc4
21. Qg3 a5 22. a4 Ba6 23. Rfe1 Rab8 24. Rab1 Rb6 25. Nf3 Rfb8 26. Ne5 Qc7 27.
Nd3 Qxg3 28. fxg3 Bxd3 29. Bxd3 Rxb2 30. Rxb2 Rxb2 31. Rb1 Ra2 32. Bb5 h5 33.
Rc1 Kg7 34. h3 f5 35. Re1 Kf6 36. Bd7 e5 37. Rd1 Ra3 38. Rxd5 Rxc3 39. Rxa5
Rxg3 40. Ra8 Ra3 41. a5 e4 42. a6 e3 43. Bb5 f4 44. a7 Kg7 45. Bc4 Kh7 46. Bg8+
1/2-1/2

[Event "DVM U14w 2016"]
[Site "Düsseldorf GER"]
[Date "2016.12.29"]
[Round "6"]
[White "Jacoby, Angelina"]
[Black "Fege, Astrid"]
[Result "1/2-1/2"]
[Termination "normal"]
[Board "5.3"]
[WhiteElo "1240"]
[BlackElo "1330"]
[WhiteTeam "SC Eintracht Berlin"]
[BlackTeam "SG Leipzig"]
[PlyCount "85"]
[WhiteFideId "12999008"]
[BlackFideId "16217152"]
[EventCountry "GER"]
[EventRounds "7"]
[EventType "team-swiss"]
[EventDate "2016.12.26"]

1. d4 d5 2. Nf3 Nf6 3. e3 e6 4. Bd3 c5 5. c3 Be7 6. Nbd2 Nc6 7. O-O O-O 8. e4
b6 9. exd5 exd5 10. dxc5 bxc5 11. Bb5 Bb7 12. Nb3 Qd6 13. Be3 Rac8 14. Bxc5 Qc7
15. Bxe7 Nxe7 16. Re1 Rcd8 17. Qe2 Nf5 18. Nbd4 Nxd4 19. Nxd4 Qc5 20. Qe7 Qb6
21. Re2 a6 22. Ba4 h6 23. a3 a5 24. Rae1 Ba6 25. Re3 Ne4 26. Nb3 Bb5 27. Bxb5
Qxb5 28. f3 Nf6 29. Nd4 Qxb2 30. Qc5 Qb7 31. Qxa5 Qa8 32. Qxa8 Rxa8 33. Ra1
Rfc8 34. Nb5 Rcb8 35. Rb1 Ra5 36. c4 dxc4 37. Nc3 Rxb1+ 38. Nxb1 Rc5 39. Rc3
Nd5 40. Rc1 c3 41. Kf2 c2 42. Nd2 Rc3 43. Ne4 1/2-1/2

[Event "DVM U14w 2016"]
[Site "Düsseldorf GER"]
[Date "2016.12.29"]
[Round "6"]
[White "Heck, Jasmin"]
[Black "Hopp, Celina"]
[Result "1/2-1/2"]
[Termination "normal"]
[Board "5.4"]
[WhiteElo "1102"]
[BlackElo "1056"]
[WhiteTeam "SG Leipzig"]
[BlackTeam "SC Eintracht Berlin"]
[PlyCount "92"]
[WhiteFideId "16217160"]
[BlackFideId "16235240"]
[EventCountry "GER"]
[EventRounds "7"]
[EventType "team-swiss"]
[EventDate "2016.12.26"]

1. d3 e5 2. Nf3 Nc6 3. g3 Bc5 4. Bg2 Nf6 5. Nc3 d6 6. b3 Be6 7. Bb2 Qe7 8. O-O
O-O 9. Qd2 Rad8 10. Ng5 h6 11. Nxe6 Qxe6 12. e4 Nd4 13. Nd5 c6 14. Nxf6+ Qxf6
15. Bxd4 Bxd4 16. c3 Bb6 17. Kh1 d5 18. f3 Qd6 19. Rad1 d4 20. c4 c5 21. f4
exf4 22. Rxf4 Bc7 23. Rdf1 Rd7 24. Bh3 Re7 25. Bg4 {(=)} Qg6 26. Bf5 Bxf4 27.
Qxf4 Qa6 28. Rf2 Qc6 29. Kg1 f6 30. Qg4 a6 31. Bg6 b5 32. h4 bxc4 33. bxc4 Qb6
34. Kh2 Qb1 35. Qf3 Rb8 36. g4 Rb2 37. Rxb2 Qxb2+ 38. Kh3 Qxa2 39. e5 Ra7 40.
exf6 gxf6 41. Qxf6 Qe2 42. h5 Qe3+ 43. Kh4 Qe1+ 44. Kh3 Qe3+ 45. Kh4 Qe1+ 46.
Kh3 Qe3+ 1/2-1/2

[Event "DVM U14w 2016"]
[Site "Düsseldorf GER"]
[Date "2016.12.29"]
[Round "6"]
[White "Bykov, Ilona"]
[Black "Otterpohl, Isabel"]
[Result "0-1"]
[Termination "time forfeit"]
[Board "6.1"]
[WhiteElo "1399"]
[BlackElo "1705"]
[WhiteTeam "Karlsruher SF"]
[BlackTeam "SV Hemer"]
[PlyCount "156"]
[WhiteFideId "12964433"]
[BlackFideId "12999180"]
[EventCountry "GER"]
[EventRounds "7"]
[EventType "team-swiss"]
[EventDate "2016.12.26"]

1. e4 e5 2. Nf3 Nc6 3. Bb5 a6 4. Ba4 Nf6 5. d3 d6 6. O-O b5 7. Bb3 Na5 8. Nbd2
Nxb3 9. axb3 Be7 10. Re1 O-O 11. c3 c5 12. Nf1 Re8 13. Ng3 g6 14. h3 Bf8 15.
Be3 Bb7 16. Qd2 Bg7 17. Bh6 Nd7 18. h4 d5 19. Rad1 d4 20. h5 a5 21. Bxg7 Kxg7
22. Ra1 Qf6 23. Ng5 Qf4 24. Qxf4 exf4 25. Ne2 h6 26. Nf3 dxc3 27. bxc3 g5 28.
g3 fxg3 29. Nxg3 Kh7 30. Nf5 Re6 31. c4 bxc4 32. bxc4 a4 33. Reb1 Bc6 34. Kg2
Nf6 35. Ng3 Rd8 36. Ra3 Ra8 37. Nd2 Rd8 38. Rb6 Bxe4+ 39. Ndxe4 Rxb6 40. Nxc5
Rc6 41. Nce4 Nxe4 42. Nxe4 Ra6 43. Nc5 Ra7 44. Kf3 Kg7 45. Ke3 Rb8 46. Rxa4
Rxa4 47. Nxa4 Kf6 48. Nc5 Kf5 49. Ne4 Re8 50. Kf3 g4+ 51. Ke3 Re7 52. Kd2 Kf4
53. Kd1 Kf3 54. Kd2 Rxe4 55. dxe4 Kxf2 56. c5 g3 57. c6 g2 58. c7 g1=Q 59. c8=Q
Qe1+ 60. Kc2 Qxe4+ 61. Kc1 Qe3+ 62. Kb1 Qe1+ 63. Kb2 Qd2+ 64. Kb1 Qe1+ 65. Kb2
Qe5+ 66. Kb1 Qxh5 67. Qc2+ Kg3 68. Qc3+ Kg4 69. Qd4+ Kg5 70. Qe3+ Kg6 71. Qb6+
Kg7 72. Qb2+ Kh7 73. Qb7 Qg6+ 74. Kc1 h5 75. Kd1 h4 76. Ke2 h3 77. Ke3 Qg3+ 78.
Kd4 Qf2+ 0-1

[Event "DVM U14w 2016"]
[Site "Düsseldorf GER"]
[Date "2016.12.29"]
[Round "6"]
[White "Naumenko, Valerija"]
[Black "Chung, Dana"]
[Result "1-0"]
[Termination "normal"]
[Board "6.2"]
[WhiteElo "1317"]
[BlackElo "1166"]
[WhiteTeam "SV Hemer"]
[BlackTeam "Karlsruher SF"]
[PlyCount "75"]
[WhiteFideId "16222890"]
[BlackFideId "16235290"]
[EventCountry "GER"]
[EventRounds "7"]
[EventType "team-swiss"]
[EventDate "2016.12.26"]

1. e4 {[%emt 0:00:00]} c6 2. d4 d5 3. exd5 cxd5 4. Bd3 Nf6 5. c3 g6 6. Nf3 Bg7
7. Bf4 O-O 8. O-O Bg4 9. Nbd2 Nbd7 10. h3 Bxf3 11. Nxf3 e6 12. Re1 Rc8 13. Qd2
Nb6 14. Ne5 Nfd7 15. b3 Nxe5 16. dxe5 Qe7 17. Rac1 Rc6 18. Rc2 Rfc8 19. Rec1 a5
20. Bb5 Rc5 21. c4 a4 22. Be3 axb3 23. Bxc5 Rxc5 24. axb3 dxc4 25. Bxc4 Bxe5
26. Rd1 Nd5 27. Bxd5 Rxd5 28. Qe2 Rxd1+ 29. Qxd1 Qb4 30. Kf1 Qxb3 31. Rc8+ Kg7
32. Qxb3 Kh6 33. Qe3+ Bf4 34. Qxf4+ Kg7 35. Rc7 h5 36. Rxf7+ Kg8 37. Qf6 b5 38.
Qg7# 1-0